Firefly Theme Song Lyrics Quiz Stats

 Plays Quiz Updated Feb 18, 2020

Support Sporcle.
Go Orange.
Score 0/15 Timer 04:00
0 Plays Today
Lyric % Correct
Take my...land
93.3%
Burn...the land
93.3%
You can't take...the sky from me
90.8%
You can't take...the sky from me
90.8%
But you can't take...the sky from me
90.8%
Since I've found...Serenity
89.5%
I'm still...free
89.5%
I don't...care
88.8%
Lyric % Correct
Take me where...I cannot stand
86%
Boil...the sea
85.1%
Take my...love
82.9%
Tell 'em I...ain't coming back
76.9%
There's no...place
76%
I can...be
75.4%
Take me out...to the black
70%

From the Vault

Most Times Running for US President

by jonesjeffum

History 90s
Some of these guys just didn't know when to give up.
Remove Ads.
Support Sporcle.
Get the best of Sporcle when you Go Orange. This ad-free experience offers more features, more stats, and more fun while also helping to support Sporcle. Thank you for becoming a member.

Show Comments

Extras

Top Quizzes Today


Score Distribution

Your Account Isn't Verified!

In order to create a playlist on Sporcle, you need to verify the email address you used during registration. Go to your Sporcle Settings to finish the process.

Report this User

Report this user for behavior that violates our Community Guidelines.

Details: